[Event "AUTO-MASTER-3068"]
[Site "http://www.queenalice.com/game.php?id=1772201"]
[Date "2021.10.14"]
[Round "1"]
[White "FrankBeckerokay"]
[Black "Magogue"]
[Result "1-0"]
[WhiteElo "2190"]
[BlackElo "1901"]

1. d4 d5 2. Bf4 Nf6 3. Nf3 Nc6 4. e3 a6 5. Bd3 Bg4 6. h3 Bxf3 7. Qxf3 e6 8. c3
h6 9. Nd2 Bd6 10. O-O-O O-O 11. g4 g5 12. Bxd6 cxd6 13. h4 e5 14. hxg5 hxg5 15.
Qh3 Kg7 16. Qh6+ 1-0

[Event "AUTO-MASTER-3068"]
[Site "http://www.queenalice.com/game.php?id=1772202"]
[Date "2021.10.14"]
[Round "1"]
[White "Magogue"]
[Black "FrankBeckerokay"]
[Result "0-1"]
[WhiteElo "1897"]
[BlackElo "2193"]

1. e4 c5 2. Nf3 d6 3. d4 cxd4 4. Nxd4 Nf6 5. Nc3 a6 6. a4 e5 7. Nf3 Be7 8. Be2
Be6 9. O-O O-O 10. h3 Nc6 11. Be3 Rc8 12. Ng5 d5 13. Nxe6 fxe6 14. exd5 exd5 15.
Bg5 Nb4 16. Bxf6 gxf6 17. Rc1 f5 18. Nb1 Na2 19. Bh5 Nxc1 20. Qxc1 Bg5 21. Qd1
d4 22. g3 Qb6 23. Kh2 Qxb2 24. Qxd4 Qxd4 0-1

[Event "AUTO-MASTER-3068"]
[Site "http://www.queenalice.com/game.php?id=1772219"]
[Date "2021.10.14"]
[Round "1"]
[White "Magogue"]
[Black "cerenzo72"]
[Result "0-1"]
[WhiteElo "1857"]
[BlackElo "2110"]

1. e4 e5 2. Nf3 d6 3. d4 exd4 4. Nxd4 Nf6 5. Nc3 Be7 6. Be2 O-O 7. O-O c5 8. Nf3
Nc6 9. a3 a6 10. Bf4 Qc7 11. Nd5 Nxd5 12. exd5 Na7 13. c4 Bf6 14. Qc2 b5 15.
cxb5 axb5 16. Rab1 g6 17. Rfe1 c4 18. b3 c3 19. b4 Bb7 20. Rbd1 Qd7 21. Bg5 Bg7
22. h3 Rac8 23. Be3 Ba8 24. Bxa7 Qxa7 25. Bxb5 Qxa3 26. Ra1 Qxb4 27. Reb1 Qc5
28. Bc6 Bxc6 29. dxc6 Qxc6 30. Rb3 d5 31. Rb4 Rb8 0-1

[Event "AUTO-MASTER-3068"]
[Site "http://www.queenalice.com/game.php?id=1772220"]
[Date "2021.10.14"]
[Round "1"]
[White "cerenzo72"]
[Black "Magogue"]
[Result "1-0"]
[WhiteElo "2105"]
[BlackElo "1863"]

1. b3 e5 2. Bb2 Nc6 3. e3 Nf6 4. Bb5 d6 5. d4 Bd7 6. dxe5 Nxe5 7. Bxd7+ Qxd7 8.
Nf3 Qe6 9. Nd4 Qc8 10. Nd2 Qg4 11. Qxg4 Nexg4 12. O-O O-O-O 13. h3 Ne5 14. f4
Ng6 15. e4 Re8 16. f5 Ne7 17. N2f3 Kb8 18. Ng5 Nc8 19. Nxf7 Rg8 20. Ng5 h6 21.
Nge6 g6 22. Rae1 gxf5 23. exf5 Ne7 24. Nb5 Rc8 25. Bxf6 a6 26. Nbd4 Nd5 27. Bh4
c5 28. Nxf8 Rgxf8 29. Ne6 Rxf5 30. Rxf5 1-0

[Event "AUTO-MASTER-3068"]
[Site "http://www.queenalice.com/game.php?id=1772221"]
[Date "2021.10.14"]
[Round "1"]
[White "Magogue"]
[Black "Artking"]
[Result "1-0"]
[WhiteElo "1798"]
[BlackElo "2081"]

1. e4 d5 2. exd5 Qxd5 3. Nc3 Qa5 4. d4 c6 5. Nf3 Bg4 6. Be2 Nf6 7. Bd2 Qc7 8.
O-O Nbd7 9. h3 Bh5 10. Re1 e6 11. a3 Bd6 12. Bf1 O-O-O 13. Be2 g5 14. Nxg5 Bg6
15. Bd3 Kb8 16. Nxe6 fxe6 17. Bxg6 hxg6 18. Rxe6 Rh4 19. Bg5 Rh7 20. Bxf6 Nxf6
21. Rxf6 Bh2+ 22. Kf1 Be5 23. Rxg6 Bxd4 24. Qf3 Bb6 25. Rd1 Rhd7 26. Rxd7 Rxd7
27. Rg8+ Rd8 28. Rxd8+ Qxd8 29. Qg3+ Bc7 30. Qd3 Qf6 31. Qe2 Qe5 32. Qxe5 Bxe5
33. g4 Kc7 34. h4 Kd7 35. Ke2 Ke7 36. Nd1 b5 37. b3 a5 38. a4 b4 39. Ne3 Kf7 40.
Nc4 Bf6 41. Nd6+ Ke6 42. Nc4 Bd8 43. f4 Bxh4 44. Nxa5 Kd6 45. Ke3 Bf6 46. Ke4 c5
47. g5 Bd4 48. Nc4+ Ke6 49. f5+ Ke7 50. a5 1-0

[Event "AUTO-MASTER-3068"]
[Site "http://www.queenalice.com/game.php?id=1772222"]
[Date "2021.10.14"]
[Round "1"]
[White "Artking"]
[Black "Magogue"]
[Result "1-0"]
[WhiteElo "2041"]
[BlackElo "1912"]

1. d4 d5 2. Nf3 Nf6 3. c4 c6 4. e3 e6 5. Bd3 Bb4+ 6. Bd2 Bxd2+ 7. Nbxd2 a5 8.
O-O O-O 9. a4 Re8 10. Qc2 dxc4 11. Nxc4 b5 12. axb5 cxb5 13. Nce5 b4 14. Ng5 1-0

[Event "AUTO-MASTER-3070"]
[Site "http://www.queenalice.com/game.php?id=1772707"]
[Date "2021.10.20"]
[Round "1"]
[White "Magogue"]
[Black "e4d4sf3"]
[Result "1/2-1/2"]
[WhiteElo "1792"]
[BlackElo "2158"]

1. e4 c6 2. d4 d5 3. Nc3 dxe4 4. f3 exf3 5. Nxf3 Bg4 6. Be2 e6 7. O-O Nf6 8. h3
Bh5 9. Be3 Be7 10. Ne5 Bxe2 11. Nxe2 O-O 12. c4 Nbd7 13. Nxd7 Qxd7 14. a3 Rac8
15. c5 Nd5 16. Bf2 Bf6 17. Ng3 e5 18. dxe5 Bxe5 19. Re1 Bxb2 20. Ra2 Bf6 1/2-1/2

[Event "AUTO-MASTER-3070"]
[Site "http://www.queenalice.com/game.php?id=1772718"]
[Date "2021.10.20"]
[Round "1"]
[White "cerenzo72"]
[Black "Magogue"]
[Result "1-0"]
[WhiteElo "2100"]
[BlackElo "1802"]

1. e4 e5 2. Nf3 Nc6 3. Nc3 Nf6 4. Bc4 Be7 5. d3 O-O 6. O-O d6 7. h3 h6 8. Be3
Na5 9. Bb3 Nxb3 10. axb3 a5 11. b4 b6 12. bxa5 bxa5 13. b4 c6 14. b5 cxb5 15.
Nxb5 Ba6 16. c4 Bxb5 17. cxb5 Qb8 18. Qa4 Rc8 19. Rac1 Nd7 20. Rxc8+ Qxc8 21.
Rc1 Qb7 22. Nd2 Nc5 23. Bxc5 dxc5 24. Nc4 Bd8 25. Nxe5 Rc8 26. Nc6 Rxc6 27. bxc6
Qb4 28. Qxb4 axb4 29. Rxc5 Bc7 30. d4 1-0

[Event "AUTO-MASTER-3070"]
[Site "http://www.queenalice.com/game.php?id=1772719"]
[Date "2021.10.20"]
[Round "1"]
[White "Magogue"]
[Black "cerenzo72"]
[Result "0-1"]
[WhiteElo "1801"]
[BlackElo "2071"]

1. e4 e5 2. Nf3 d6 3. d4 exd4 4. Nxd4 Nf6 5. Nc3 Be7 6. Be2 O-O 7. O-O c5 8. Nf5
Bxf5 9. exf5 d5 10. Bg5 d4 11. Bxf6 Bxf6 12. Ne4 Qb6 13. Nxf6+ Qxf6 14. Bd3 Nc6
15. Re1 Ne5 16. Be4 Rab8 17. h3 Nc4 18. b3 Nd6 19. g4 h5 20. f3 Qe5 21. Bxb7
Qg3+ 0-1

[Event "AUTO-MASTER-3070"]
[Site "http://www.queenalice.com/game.php?id=1772724"]
[Date "2021.10.20"]
[Round "1"]
[White "alvm"]
[Black "Magogue"]
[Result "1-0"]
[WhiteElo "2115"]
[BlackElo "1806"]

1. d4 d5 2. c4 dxc4 3. Nf3 e6 4. Nc3 Nf6 5. e4 Bd7 6. Bxc4 Be7 7. O-O O-O 8. Re1
c6 9. Bf4 b5 10. Bd3 a5 11. e5 Nd5 12. Bg3 Bb4 13. Qc2 g6 14. Nxd5 exd5 15. Rec1
f5 16. a3 Be7 17. Re1 Be6 18. Bf4 g5 19. Bd2 h5 20. h3 g4 21. hxg4 hxg4 22. Nh2
Nd7 23. g3 a4 24. Kg2 Nb6 25. Rh1 Nc4 26. Nxg4 1-0

[Event "AUTO-MASTER-3070"]
[Site "http://www.queenalice.com/game.php?id=1772725"]
[Date "2021.10.20"]
[Round "1"]
[White "Magogue"]
[Black "alvm"]
[Result "0-1"]
[WhiteElo "1796"]
[BlackElo "2091"]

1. e4 c6 2. d4 d5 3. Nc3 dxe4 4. Nxe4 Bf5 5. Ng3 Bg6 6. Be2 Nf6 7. Nf3 e6 8. Ne5
Nbd7 9. Nxg6 hxg6 10. Be3 Bd6 11. O-O Qc7 12. f4 Nd5 13. Bd2 Nxf4 14. Bxf4 Bxf4
15. Rf3 O-O-O 16. Qd3 Rh4 17. Raf1 Ne5 18. dxe5 Rxd3 19. Bxd3 Qxe5 20. Rxf4 Rxf4
21. Rxf4 Qxf4 22. Nh5 gxh5 23. Be4 Qxe4 0-1

[Event "AUTO-OPEN-4300"]
[Site "http://www.queenalice.com/game.php?id=1774249"]
[Date "2021.11.8"]
[Round "2"]
[White "clovis"]
[Black "Magogue"]
[Result "1-0"]
[WhiteElo "2093"]
[BlackElo "1819"]

1. e4 e5 2. Bc4 Be7 3. Nf3 d6 4. O-O Nf6 5. Nc3 Bg4 6. h3 Bxf3 7. Qxf3 Nc6 8. d3
Nd4 9. Qd1 O-O 10. Be3 a6 11. Bxd4 exd4 12. Nd5 Nxd5 13. Bxd5 c6 14. Bb3 a5 15.
a3 a4 16. Ba2 Kh8 17. f4 Bh4 18. f5 g6 19. Qf3 Bf6 20. Qg4 h5 21. Qf3 1-0

[Event "AUTO-OPEN-4300"]
[Site "http://www.queenalice.com/game.php?id=1774250"]
[Date "2021.11.8"]
[Round "2"]
[White "Magogue"]
[Black "clovis"]
[Result "0-1"]
[WhiteElo "1824"]
[BlackElo "2088"]

1. e4 e5 2. Nf3 Nc6 3. Bb5 f5 4. Nc3 Nf6 5. exf5 e4 6. Qe2 d5 7. Nd4 Bd7 8. Bxc6
bxc6 9. d3 Bc5 10. Be3 O-O 11. O-O-O Bxd4 12. Bxd4 Bxf5 13. Bxf6 Qxf6 14. g3
exd3 15. cxd3 d4 16. Na4 Rae8 17. Qd2 Bg4 18. Rdf1 Qf3 19. Nc5 Re2 20. Qd1 Rxf2
0-1

[Event "AUTO-OPEN-4300"]
[Site "http://www.queenalice.com/game.php?id=1774263"]
[Date "2021.11.8"]
[Round "2"]
[White "Magogue"]
[Black "greggy"]
[Result "0-1"]
[WhiteElo "1839"]
[BlackElo "2888"]

1. e4 c5 2. Nf3 Nc6 3. Bb5 g6 4. O-O Bg7 5. c3 Nf6 6. Re1 O-O 7. d4 d5 8. Bxc6
bxc6 9. exd5 cxd5 10. dxc5 Ne4 11. Nbd2 Nxc5 12. Nb3 Ne4 13. Nfd2 Nd6 14. Nf3
Nc4 15. Nc5 Qc7 0-1

[Event "AUTO-OPEN-4300"]
[Site "http://www.queenalice.com/game.php?id=1774264"]
[Date "2021.11.8"]
[Round "2"]
[White "greggy"]
[Black "Magogue"]
[Result "1-0"]
[WhiteElo "2887"]
[BlackElo "1841"]

1. e4 e5 2. f4 exf4 3. Nf3 Be7 4. Bc4 Bh4+ 5. Kf1 d5 6. Bxd5 c6 7. Bb3 Nh6 8. d4
Bg4 9. Bxf4 Bxf3 10. Qxf3 Bg5 11. Bxg5 Qxg5 12. Nc3 Qf6 13. Qxf6 gxf6 14. Kf2
Ng4+ 15. Ke2 Nd7 16. h3 1-0

[Event "AUTO-OPEN-4302"]
[Site "http://www.queenalice.com/game.php?id=1774689"]
[Date "2021.11.13"]
[Round "2"]
[White "Magogue"]
[Black "cerenzo72"]
[Result "0-1"]
[WhiteElo "1846"]
[BlackElo "2123"]

1. e4 e5 2. Nf3 d6 3. d4 exd4 4. Nxd4 Nf6 5. Nc3 Be7 6. Be2 O-O 7. O-O b6 8. Re1
Bb7 9. Bf3 Nbd7 10. Bg5 c5 0-1

[Event "AUTO-OPEN-4302"]
[Site "http://www.queenalice.com/game.php?id=1774694"]
[Date "2021.11.13"]
[Round "2"]
[White "Magogue"]
[Black "kakocarvalho"]
[Result "1-0"]
[WhiteElo "1827"]
[BlackElo "1910"]

1. e4 d6 2. d4 Nf6 3. Nc3 g6 4. Nf3 Bg7 5. Be2 O-O 6. O-O Nbd7 7. Re1 e5 8. dxe5
dxe5 9. Bg5 h6 10. Bxf6 Bxf6 11. Qd2 Qe7 12. Nd5 Qd6 13. Rad1 Qc6 14. b3 Bg7 15.
Ne7+ 1-0

[Event "AUTO-OPEN-4302"]
[Site "http://www.queenalice.com/game.php?id=1774695"]
[Date "2021.11.13"]
[Round "2"]
[White "kakocarvalho"]
[Black "Magogue"]
[Result "1-0"]
[WhiteElo "1914"]
[BlackElo "1837"]

1. Nf3 d5 2. g3 Nf6 3. Bg2 Nc6 4. O-O e5 5. d3 Be7 6. Nbd2 O-O 7. e4 dxe4 8.
dxe4 Bg4 9. h3 Bxf3 10. Bxf3 Qd7 11. Qe2 Nd4 12. Qe3 Nxc2 13. Qe2 Nd4 14. Qd1
Nxf3+ 15. Qxf3 1-0